000 00854cab a2200241 4500
001 WB3425-07
008 090401t1998 xxu||||| |||| 00| 0 eng d
035 _a(Sirsi) u87202
041 _aeng
245 _aLean summit
260 _c1998
350 _a0
490 _aBuilding
_v263(26) 26 June 1998, 12(1)
520 _aA summit on lean construction shows the savings in building times and costs that can be made through lean techniques. Mansell`s chief executive has pledged to adopt the principles and a leading expert stresses that lean production is unlikely to result in job cuts.
650 _aBUILT ENVIRONMENT-BUILDING COSTS
650 _aCONSTRUCTION INDUSTRY
650 _aCONSTRUCTION TIME
650 _aJOBS
650 _aLEAN CONSTRUCTION
690 _aBUILT ENVIRONMENT-BUILDING COSTS
942 _n0
948 _c03/07/1998
999 _c54984
_d54984